[Event "ICS rated blitz match"]
[Site "207.99.83.229"]
[Date "1999.07.12"]
[Round "?"]
[White "Hossa"]
[Black "RETI"]
[Result "0-1"]
[WhiteElo "2452"]
[BlackElo "2544"]
[PlyCount "59"]
[EventDate "1999.??.??"]

1. d4 Nf6 2. c4 e6 3. Nc3 Bb4 4. Bg5 c5 5. e4 Qa5 6. Bxf6 Bxc3+ 7. Ke2 gxf6 8.
bxc3 Qxc3 9. dxc5 Qxc4+ 10. Kf3 Qxc5 11. a4 f5 12. Rc1 fxe4+ 13. Kxe4 Qf5+ 14.
Ke3 Nc6 15. Qd6 Rg8 16. Ne2 e5 17. f3 Rg6 18. Qc7 d5 19. Kf2 Qd7 20. Rxc6 bxc6
21. Qxe5+ Qe7 22. Qh8+ Kd7 23. Qxh7 Qc5+ 24. Ke1 Qb4+ 25. Kf2 Ke7 26. g4 Ba6
27. h4 Bxe2 28. h5 Qd4+ 29. Kg3 Qe5+ 30. Kf2 {Hossa resigns} 0-1

[Event "ICS rated blitz match"]
[Site "207.99.83.229"]
[Date "1999.07.12"]
[Round "?"]
[White "Prof-Moriarty"]
[Black "Hossa"]
[Result "0-1"]
[WhiteElo "2390"]
[BlackElo "2440"]
[PlyCount "70"]
[EventDate "1999.??.??"]

1. d4 d5 2. Nf3 Nf6 3. e3 e6 4. Bd3 Nc6 5. Nbd2 Bd6 6. O-O O-O 7. b3 e5 8. dxe5
Nxe5 9. Bb2 Nxd3 10. cxd3 Bg4 11. h3 Bh5 12. Qc2 Re8 13. Rfe1 Rc8 14. Rac1 c5
15. Ba3 Qa5 16. Qb2 Qb5 17. d4 Nd7 18. dxc5 Nxc5 19. Bxc5 Bxc5 20. Nd4 Qd3 21.
N2f3 Be7 22. Red1 Qe4 23. Qb1 Bf6 24. Rxc8 Rxc8 25. Rc1 Qxb1 26. Rxb1 Kf8 27.
g4 Bg6 28. Rd1 Be4 29. Rd2 Rc1+ 30. Kh2 Be7 31. Ng1 Bb4 32. Rb2 Bc3 33. Re2 Bd3
34. Kg3 Rxg1+ 35. Kh2 35... Rd1 {Prof-Moriarty resigns} 0-1

[Event "ICS rated blitz match"]
[Site "207.99.83.229"]
[Date "1999.07.12"]
[Round "?"]
[White "Hossa"]
[Black "GurcanK"]
[Result "1-0"]
[WhiteElo "2454"]
[BlackElo "1944"]
[PlyCount "69"]
[EventDate "1999.??.??"]

1. d4 Nf6 2. c4 e6 3. Nc3 Bb4 4. a3 Bxc3+ 5. bxc3 c5 6. f3 O-O 7. e4 cxd4 8.
cxd4 b6 9. Rb1 d6 10. Bd3 Nbd7 11. Ne2 Bb7 12. O-O Rc8 13. Qa4 Ra8 14. Bg5 h6
15. Bh4 Qc7 16. Rbc1 Bc6 17. Qb4 d5 18. cxd5 exd5 19. Bb5 a5 20. Qb1 Qd6 21.
Bxc6 Qxa3 22. e5 g5 23. exf6 gxh4 24. Bxd7 Rfd8 25. Qf5 Qe3+ 26. Kh1 Qg5 27.
Qxg5+ hxg5 28. Rc7 Rdb8 29. Nc3 a4 30. Nxd5 b5 31. Rb1 a3 32. Rc5 a2 33. Ra1 b4
34. Ne7+ Kf8 35. Rxg5 {GurcanK resigns} 1-0

[Event "ICS rated blitz match"]
[Site "207.99.83.229"]
[Date "1999.07.12"]
[Round "?"]
[White "GurcanK"]
[Black "Hossa"]
[Result "0-1"]
[WhiteElo "1942"]
[BlackElo "2456"]
[PlyCount "92"]
[EventDate "1999.??.??"]

1. d4 d5 2. c4 dxc4 3. Nf3 Nf6 4. Nc3 Nc6 5. e3 Be6 6. Ng5 Bg4 7. f3 Bh5 8.
Bxc4 Qd7 9. g4 Bg6 10. h4 h6 11. Nh3 O-O-O 12. O-O e5 13. dxe5 Nxe5 14. Qxd7+
Nfxd7 15. Be2 Bd3 16. Bxd3 Nxd3 17. Rd1 N7e5 18. Kg2 Be7 19. h5 Bh4 20. b3 Ne1+
21. Rxe1 Bxe1 22. Bb2 Rd2+ 23. Kf1 Nxf3 24. Rxe1 Nxe1 25. Kxe1 Rxb2 26. Nf2 Rd8
27. Nfe4 Rd3 28. Nd1 Rxa2 29. Nef2 Rxb3 30. Ne4 Rd3 31. Nec3 Rg2 32. Kf1 Rc2
33. Ke1 Rdxc3 34. Nxc3 Rxc3 35. Kd2 Rc4 36. Kd3 Rxg4 37. e4 a5 38. e5 a4 39. e6
fxe6 40. Kc3 Rg5 41. Kb4 b5 42. Ka5 a3 43. Kb4 a2 44. Kb3 a1=Q 45. Kb4 Qb2+ 46.
Ka5 46... Qa3# {GurcanK checkmated} 0-1

[Event "ICS Rated blitz match"]
[Site "207.99.83.229"]
[Date "1999.07.12"]
[Round "?"]
[White "Hossa"]
[Black "Count-Dracula"]
[Result "1-0"]
[WhiteElo "2462"]
[BlackElo "1967"]
[PlyCount "91"]
[EventDate "1999.??.??"]

1. d4 Nf6 2. c4 c5 3. d5 e6 4. Nc3 exd5 5. cxd5 d6 6. Nf3 g6 7. Nd2 a6 8. a4
Bg4 9. f3 Bc8 10. e4 Nh5 11. Nc4 Qh4+ 12. Kd2 Nd7 13. Kc2 Be7 14. Be2 Qf6 15.
Qf1 Nf4 16. Bd1 Ne5 17. Nxe5 dxe5 18. g3 Nh3 19. f4 exf4 20. g4 Qh4 21. Bxf4
Bxg4 22. Bg3 Qg5 23. d6 Bd8 24. Bxg4 Qxg4 25. Qd3 Bf6 26. e5 Bg5 27. Qd5 Rb8
28. Raf1 Qe6 29. Qxe6+ fxe6 30. Ne4 Be3 31. Nf6+ Kd8 32. Nxh7 Ke8 33. Nf6+ Kd8
34. Ng4 Bg5 35. Rf7 b5 36. axb5 axb5 37. Rhf1 Rc8 38. Rf8+ Rxf8 39. Rxf8+ Kd7
40. Nf6+ Bxf6 41. Rf7+ Kc6 42. Rxf6 Re8 43. Rxg6 Ng1 44. Rf6 Ne2 45. Rf2 Nd4+
46. Kd3 {Count-Dracula resigns} 1-0

[Event "ICS rated blitz match"]
[Site "207.99.83.229"]
[Date "1999.07.12"]
[Round "?"]
[White "Count-Dracula"]
[Black "Hossa"]
[Result "1-0"]
[WhiteElo "1965"]
[BlackElo "2464"]
[PlyCount "133"]
[EventDate "1999.??.??"]

1. d4 d5 2. c4 dxc4 3. Nf3 Nf6 4. Nc3 Nc6 5. Bg5 Bg4 6. e3 e5 7. d5 Nb4 8. Bxc4
Bxf3 9. gxf3 c6 10. dxc6 Qxd1+ 11. Rxd1 Nxc6 12. Bxf6 gxf6 13. Nd5 O-O-O 14.
Nxf6 Be7 15. Rxd8+ Kxd8 16. Nh5 Bb4+ 17. Ke2 Ke7 18. a3 Bd6 19. Ng3 Rd8 20. Bd3
Rh8 21. Nf5+ Ke6 22. Nxd6 Kxd6 23. Rg1 Ne7 24. Rg7 f5 25. Rf7 Ke6 26. Bc4+ Kd7
27. Rf6 h5 28. Be6+ Kd8 29. Bxf5 Nc6 30. Re6 a5 31. Rd6+ Ke7 32. Rd7+ Kf6 33.
Be4 Nd8 34. Rd5 Re8 35. Rxa5 Nc6 36. Bxc6 bxc6 37. Rc5 Re6 38. e4 Kg6 39. a4 h4
40. a5 Kf6 41. a6 Re8 42. Rxc6+ Kf7 43. a7 Ra8 44. Rh6 Kg7 45. Ra6 Kf7 46. Ke3
Kf8 47. f4 exf4+ 48. Kxf4 Ke7 49. b4 Kd7 50. b5 h3 51. e5 Kc7 52. Ke4 Kb7 53.
f4 Kc8 54. f5 Kc7 55. e6 Kc8 56. Ke5 Kd8 57. f6 Kc7 58. f7 Rd8 59. a8=Q Rxa8
60. Rxa8 Kb6 61. Rd8 Ka5 62. e7 Kb4 63. e8=Q Kc4 64. b6 Kb3 65. b7 Kc3 66. b8=Q
Kc2 67. Qc6# {Hossa checkmated} 1-0

[Event "ICS rated bullet match"]
[Site "207.99.83.229"]
[Date "1999.07.12"]
[Round "?"]
[White "Hossa"]
[Black "DiepX"]
[Result "0-1"]
[WhiteElo "2333"]
[BlackElo "2626"]
[PlyCount "50"]
[EventDate "1999.??.??"]

1. d4 Nf6 2. c4 e6 3. Nc3 Bb4 4. Bg5 c5 5. e4 Qa5 6. Bxf6 Bxc3+ 7. Ke2 Bxb2 8.
Bxg7 Rg8 9. Rb1 Bc3 10. Bf6 Qxa2+ 11. Kf3 Nc6 12. Ne2 Bxd4 13. Nxd4 Rg6 14.
Nxe6 Rxf6+ 15. Nf4 Qa3+ 16. Kg4 d5+ 17. Kg5 h6+ 18. Kh5 Rxf4 19. Qxd5 Qa2 20.
Bd3 Qd2 21. h3 Rf5+ 22. Qxf5 Bxf5 23. h4 Bg6+ 24. Kg4 Ne5+ 25. Kh3 25... Qxd3+
{Hossa resigns} 0-1

[Event "ICS rated blitz match"]
[Site "207.99.83.229"]
[Date "1999.07.12"]
[Round "?"]
[White "Hossa"]
[Black "Beadle"]
[Result "0-1"]
[WhiteElo "2434"]
[BlackElo "2484"]
[PlyCount "79"]
[EventDate "1999.??.??"]

1. d4 d5 2. c4 c6 3. Nc3 Nf6 4. cxd5 cxd5 5. Bg5 e6 6. e4 dxe4 7. Nxe4 Qd5 8.
Nxf6+ gxf6 9. Be3 Bb4+ 10. Ke2 Bd7 11. f3 Rg8 12. Kf2 Nc6 13. Bd3 f5 14. Ne2
Ne7 15. Nf4 Qd6 16. Rc1 Ng6 17. Nxg6 hxg6 18. f4 g5 19. Qf3 gxf4 20. Qxf4 Bc6
21. Qxd6 Bxd6 22. Bf1 Rd8 23. Rc2 f4 24. Bd2 Bc7 25. Bc3 Bb6 26. b4 Ke7 27. Rd2
e5 28. b5 Be4 29. h4 Rg3 30. Bb2 exd4 31. Kg1 d3+ 32. Kh2 f6 33. Ba3+ Kf7 34.
Bxd3 Rh8 35. Bc4+ Kg6 36. Bf7+ Kxf7 37. Bc5 Bxc5 38. Rd7+ Kg6 39. Rg7+ Kxg7 40.
b6 {Hossa resigns} 0-1

[Event "ICS rated bullet match"]
[Site "207.99.83.229"]
[Date "1999.07.13"]
[Round "?"]
[White "Hossa"]
[Black "Beadle"]
[Result "1-0"]
[WhiteElo "2320"]
[BlackElo "2521"]
[PlyCount "41"]
[EventDate "1999.??.??"]

1. d4 d5 2. c4 c6 3. Nc3 e6 4. e4 dxe4 5. Nxe4 Bb4+ 6. Bd2 Qxd4 7. Bxb4 Qxe4+
8. Ne2 Na6 9. Bf8 Qe5 10. Qd2 Qf6 11. Bd6 Ne7 12. O-O-O Nf5 13. Be5 Qh4 14. g4
O-O 15. gxf5 Qe4 16. Bxg7 Re8 17. Rg1 Qh1 18. Bf6+ Qxg1 19. Nxg1 h6 20. Qxh6 e5
21. Qg7# {Beadle checkmated} 1-0

[Event "ICS Rated blitz match"]
[Site "207.99.83.229"]
[Date "1999.07.13"]
[Round "?"]
[White "Hossa"]
[Black "LambChop710"]
[Result "1-0"]
[WhiteElo "2436"]
[BlackElo "2417"]
[PlyCount "129"]
[EventDate "1999.??.??"]

1. d4 d5 2. c4 dxc4 3. Nf3 Be6 4. e4 b5 5. Nc3 c6 6. Be2 Nf6 7. Ng5 Bd7 8. e5
Nd5 9. O-O g6 10. Nxd5 cxd5 11. Bf3 Bf5 12. Bg4 Bxg4 13. Qxg4 Bg7 14. e6 f5 15.
Qf3 O-O 16. Nf7 Qb6 17. Qxd5 Nc6 18. Re1 Nb4 19. Qd7 Nc2 20. Nh6+ Bxh6 21. Bxh6
Rfe8 22. Qd5 Qb8 23. Qc5 a5 24. Rac1 Nxe1 25. Rxe1 Ra6 26. Kh1 a4 27. f3 Ra7
28. d5 Rf8 29. Qd4 Rf6 30. d6 Rb7 31. dxe7 Qe8 32. Qxf6 Qxe7 33. Qe5 a3 34.
bxa3 b4 35. Rd1 Qe8 36. axb4 Ra7 37. Qf6 Re7 38. Rd6 c3 39. Qd4 c2 40. Rd8
c1=R+ 41. Bxc1 Rxe6 42. Qd5 Qxd8 43. Qxd8+ Kf7 44. Qc7+ Re7 45. Qxe7+ Kxe7 46.
a4 Kd6 47. b5 Kd5 48. a5 Kd6 49. a6 Kc7 50. Be3 Kb8 51. b6 g5 52. Bc5 Kc8 53.
b7+ Kc7 54. Bd4 g4 55. Be5+ Kc6 56. b8=Q gxf3 57. Qb7+ Kc5 58. Qxh7 f2 59. Qxf5
Kd5 60. Bg3+ Kc4 61. Bxf2 Kc3 62. a7 Kb3 63. a8=Q Kb4 64. Qc5+ Kb3 65. Qaa3# {
LambChop710 checkmated} 1-0

[Event "ICS rated blitz match"]
[Site "207.99.83.229"]
[Date "1999.07.13"]
[Round "?"]
[White "Hossa"]
[Black "DWGriff"]
[Result "1-0"]
[WhiteElo "2451"]
[BlackElo "2040"]
[PlyCount "81"]
[EventDate "1999.??.??"]

1. d4 d5 2. c4 c6 3. Nc3 Nf6 4. Nf3 e6 5. Bg5 Nbd7 6. e3 Qa5 7. Be2 Ne4 8. O-O
Nxg5 9. Nxg5 dxc4 10. f4 b5 11. Bh5 g6 12. Bf3 Bb7 13. a4 b4 14. Ne2 Be7 15.
Ne4 O-O 16. Nd2 Qa6 17. Qc2 Nb6 18. a5 b3 19. Qc1 Nd5 20. Nxc4 Rac8 21. e4 Nb4
22. Qc3 Nc2 23. Rac1 c5 24. d5 exd5 25. exd5 Bf6 26. Qxb3 Nd4 27. Nxd4 Bxd4+
28. Kh1 Rb8 29. Qc2 Rbd8 30. d6 Bxf3 31. Rxf3 Rfe8 32. f5 Qc6 33. fxg6 hxg6 34.
Rcf1 Rd7 35. Qd2 Kg7 36. b3 Qe4 37. Rh3 Rh8 38. Re1 Qd5 39. Rxh8 Kxh8 40. Qh6+
Kg8 41. Re8# {DWGriff checkmated} 1-0

[Event "ICS Rated blitz match"]
[Site "207.99.83.229"]
[Date "1999.07.13"]
[Round "?"]
[White "pawnyboy2"]
[Black "Hossa"]
[Result "0-1"]
[WhiteElo "1926"]
[BlackElo "2454"]
[PlyCount "25"]
[EventDate "1999.??.??"]

1. e4 g6 2. d4 Bg7 3. Nc3 d6 4. f4 Nd7 5. Nf3 e5 6. fxe5 dxe5 7. dxe5 c6 8. Bc4
Qa5 9. O-O Qc5+ 10. Kh1 Qxc4 11. Qd6 Qxf1+ 12. Ng1 Bxe5 13. Qf8+ {
pawnyboy2 resigns} 0-1

[Event "ICS rated blitz match"]
[Site "207.99.83.229"]
[Date "1999.07.13"]
[Round "?"]
[White "Irishspringer"]
[Black "Hossa"]
[Result "0-1"]
[WhiteElo "1972"]
[BlackElo "2455"]
[PlyCount "34"]
[EventDate "1999.??.??"]

1. d4 d5 2. c4 dxc4 3. Nf3 Nf6 4. e3 e6 5. Bxc4 c5 6. O-O a6 7. Bb3 Be7 8. Qe2
cxd4 9. exd4 O-O 10. Nc3 Nc6 11. Rd1 Qb6 12. Bg5 Rd8 13. Be3 Ng4 14. Rac1 Qc7
15. h3 Nxe3 16. Qxe3 Bd6 17. Ng5 17... Bf4 {Irishspringer resigns} 0-1

[Event "ICS rated blitz match"]
[Site "207.99.83.229"]
[Date "1999.07.13"]
[Round "?"]
[White "Hossa"]
[Black "brutus"]
[Result "1-0"]
[WhiteElo "2457"]
[BlackElo "2090"]
[PlyCount "77"]
[EventDate "1999.??.??"]

1. d4 Nf6 2. c4 g6 3. Nc3 d5 4. cxd5 Nxd5 5. e4 Nxc3 6. bxc3 Bg7 7. Bc4 O-O 8.
Ne2 b6 9. O-O Bb7 10. Qd3 Nd7 11. Bg5 Re8 12. Ba6 Bxa6 13. Qxa6 c5 14. f4 Qc7
15. f5 gxf5 16. Rxf5 Nf6 17. Qd3 Qc6 18. d5 Qd6 19. Qf3 Qd7 20. Bxf6 Bxf6 21.
Rf1 Kh8 22. e5 Bg7 23. Rxf7 Rf8 24. Qg3 Rxf7 25. Rxf7 Rg8 26. d6 Qe6 27. Rxe7
Qxa2 28. Qe1 Qd5 29. Nf4 Qc4 30. Ne6 Bh6 31. Qb1 Be3+ 32. Kh1 Qh4 33. Rxa7 Re8
34. d7 Rg8 35. d8=Q Rxd8 36. Nxd8 c4 37. Ne6 Qh6 38. Ra8+ Qf8 39. Rxf8# {
brutus checkmated} 1-0

[Event "ICS rated blitz match"]
[Site "207.99.83.229"]
[Date "1999.07.13"]
[Round "?"]
[White "Hossa"]
[Black "BountyHunter"]
[Result "0-1"]
[WhiteElo "2460"]
[BlackElo "2798"]
[PlyCount "103"]
[EventDate "1999.??.??"]

1. d4 e6 2. e4 d5 3. Nc3 Bb4 4. Qg4 Nf6 5. Qxg7 Rg8 6. Qh6 Rg6 7. Qe3 c5 8. e5
Ne4 9. Nf3 Nc6 10. Bd2 cxd4 11. Nxd4 Nxd4 12. Qxd4 Bc5 13. Qd3 Nxf2 14. Qb5+
Bd7 15. Qxc5 Nxh1 16. Qg1 Qh4+ 17. g3 Nxg3 18. hxg3 Rxg3 19. Qf2 Rg4 20. Qxh4
Rxh4 21. Bg5 Rg4 22. Bf6 Rg1 23. Kf2 Rh1 24. Kg2 Rh6 25. Bd3 Bc6 26. Rg1 d4+
27. Kf2 dxc3 28. Rg8+ Kd7 29. Rxa8 cxb2 30. c3 Rh3 31. Bb1 Rh2+ 32. Ke3 Rh1 33.
Bc2 Rh3+ 34. Kf4 Rxc3 35. Bxh7 Bd5 36. Bb1 Rc1 37. Bd3 a6 38. a3 Ra1 39. Rd8+
Kc7 40. Rd6 Rf1+ 41. Kg5 Rg1+ 42. Kf4 b5 43. Rxa6 Rd1 44. Bc2 Rc1 45. Bd3 Rc4+
46. Kg5 Be4 47. Bxc4 bxc4 48. Ra7+ Kc6 49. Ra4 b1=Q 50. Rxc4+ Kd5 51. Rb4 Qg1+
52. Kh4 {Hossa resigns} 0-1

[Event "ICS rated blitz match"]
[Site "207.99.83.229"]
[Date "1999.07.13"]
[Round "?"]
[White "counterplay"]
[Black "Hossa"]
[Result "1-0"]
[WhiteElo "2770"]
[BlackElo "2456"]
[PlyCount "70"]
[EventDate "1999.??.??"]

1. e4 g6 2. d4 Bg7 3. Nc3 d6 4. f4 Nd7 5. Nf3 e5 6. fxe5 dxe5 7. dxe5 c6 8. Bf4
Qb6 9. Rb1 Ne7 10. Qd6 h6 11. Bc4 Rg8 12. Bxf7+ Kxf7 13. e6+ Ke8 14. exd7+ Bxd7
15. Qd2 a6 16. Bxh6 Bxh6 17. Qxh6 Be6 18. Qg5 Rf8 19. Kd1 Qf2 20. Kc1 Rd8 21.
Nd1 Qb6 22. Ne5 Qb5 23. b3 Bf5 24. Qg3 Bxe4 25. Nc3 Qb4 26. Nxe4 Qxe4 27. Re1
Qb4 28. Nxg6 Rf7 29. Nxe7 Qd2+ 30. Kb2 Qd4+ 31. Ka3 Rxe7 32. Qg6+ Kd7 33. Rbd1
Qxd1 34. Rxd1+ Kc8 35. Rxd8+ 35... Kxd8 {Hossa resigns} 1-0

[Event "ICS rated bullet match"]
[Site "207.99.83.229"]
[Date "1999.07.13"]
[Round "?"]
[White "DiepX"]
[Black "Hossa"]
[Result "1-0"]
[WhiteElo "2631"]
[BlackElo "2344"]
[PlyCount "41"]
[EventDate "1999.??.??"]

1. e4 g6 2. Nc3 Nc6 3. d4 Bg7 4. Be3 e5 5. d5 Nb8 6. d6 Nf6 7. Nb5 Na6 8. dxc7
Nxc7 9. Nd6+ Kf8 10. Bc4 Ne6 11. Nf3 Qa5+ 12. c3 Ng4 13. O-O Nxe3 14. fxe3 Qb6
15. Qd2 Kg8 16. Bxe6 fxe6 17. Nxc8 Rxc8 18. Qxd7 Rf8 19. Nxe5 Qxe3+ 20. Kh1
Bxe5 21. Qxe6+ {Hossa resigns} 1-0

[Event "ICS rated bullet match"]
[Site "207.99.83.229"]
[Date "1999.07.13"]
[Round "?"]
[White "Hossa"]
[Black "DiepX"]
[Result "0-1"]
[WhiteElo "2339"]
[BlackElo "2636"]
[PlyCount "104"]
[EventDate "1999.??.??"]

1. d4 d5 2. c4 e5 3. dxe5 d4 4. e4 Nc6 5. Ne2 Nxe5 6. Nxd4 Bc5 7. Be3 Ng4 8.
Qa4+ Bd7 9. Qa5 Bb6 10. Qc3 Nxe3 11. Qxe3 Bg4 12. Nc3 Bxd4 13. Qg3 Nf6 14. f3
Bd7 15. Qxg7 Rg8 16. Qh6 Bxc3+ 17. bxc3 Qe7 18. Qe3 Ba4 19. Kf2 Nd7 20. Rb1 b6
21. Rb4 Bd1 22. Rb1 Bc2 23. Rb2 Ba4 24. Rb4 Bc6 25. c5 Qh4+ 26. Kg1 Nxc5 27.
Rd4 Qg5 28. Qxg5 Rxg5 29. Bc4 Na4 30. Bd5 Bxd5 31. Rxa4 Be6 32. g3 Rb5 33. g4
Rb2 34. a3 Rc2 35. f4 Bxg4 36. h3 Bd7 37. Rc4 O-O-O 38. Rd4 Rg8+ 39. Kf1 Rc1+
40. Ke2 Rxh1 41. h4 Rg2+ 42. Kf3 Rc2 43. f5 c5 44. Rd6 Rxh4 45. c4 Rxc4 46. Rf6
Rc3+ 47. Kg2 Rxe4 48. Rxf7 Re2+ 49. Kf1 Rb2 50. Rf8+ Kc7 51. Rc8+ Bxc8 52. Ke1
52... Rc1# {Hossa checkmated} 0-1

[Event "ICS rated blitz match"]
[Site "207.99.83.229"]
[Date "1999.07.13"]
[Round "?"]
[White "Hossa"]
[Black "Motoman"]
[Result "1-0"]
[WhiteElo "2451"]
[BlackElo "2086"]
[PlyCount "67"]
[EventDate "1999.??.??"]

1. d4 Nf6 2. c4 e6 3. Nc3 Bb4 4. Bg5 h6 5. Bh4 c5 6. e4 Bxc3+ 7. bxc3 g5 8. Bg3
Nxe4 9. Qd3 f5 10. f3 Nf6 11. O-O-O Qa5 12. Kb1 O-O 13. Ka1 Rf7 14. h4 g4 15.
Bf4 h5 16. fxg4 hxg4 17. Rb1 Nc6 18. d5 Ne7 19. Rb5 Qa3 20. Rb3 Qa5 21. d6 Ng6
22. Bh6 Ne4 23. Qe3 b6 24. Kb2 Qa6 25. Ra3 Qb7 26. h5 Nf8 27. Ne2 Kh7 28. Bf4
Qc6 29. Ng3 Nxd6 30. Qd2 Ne4 31. Nxe4 Qxe4 32. Bg5 Bb7 33. Rh2 f4 34. Bd3 {
Motoman resigns} 1-0

[Event "ICS rated blitz match"]
[Site "207.99.83.229"]
[Date "1999.07.13"]
[Round "?"]
[White "StarKnight999"]
[Black "Hossa"]
[Result "0-1"]
[WhiteElo "1958"]
[BlackElo "2454"]
[PlyCount "23"]
[EventDate "1999.??.??"]

1. e3 Nc6 2. d4 e5 3. Nf3 e4 4. Nfd2 d5 5. c4 Bb4 6. cxd5 Qxd5 7. Nc3 Qf5 8.
Bc4 Qg6 9. O-O Bh3 10. g3 Bxf1 11. Qxf1 Nf6 12. Bd5 {StarKnight999 resigns} 0-1

[Event "ICS rated blitz match"]
[Site "207.99.83.229"]
[Date "1999.07.13"]
[Round "?"]
[White "Motoman"]
[Black "Hossa"]
[Result "1/2-1/2"]
[WhiteElo "2083"]
[BlackElo "2456"]
[PlyCount "128"]
[EventDate "1999.??.??"]

1. e4 g6 2. d4 Bg7 3. Nc3 d6 4. Be3 Nf6 5. f3 O-O 6. Qd2 e5 7. d5 Nfd7 8. O-O-O
f5 9. Kb1 fxe4 10. fxe4 Nc5 11. Bd3 Nxd3 12. cxd3 Bg4 13. Rc1 Nd7 14. h3 Bf5
15. g4 Bxe4 16. dxe4 Rf7 17. Nge2 Qf6 18. Bg5 Qf3 19. Qe3 Qxe3 20. Bxe3 Rf3 21.
Bd2 Raf8 22. Rcg1 Nb6 23. b3 c6 24. dxc6 bxc6 25. Kc2 d5 26. Kd1 d4 27. Nb1 Nd7
28. Bb4 c5 29. Ba3 Re3 30. Nd2 Rf2 31. Re1 c4 32. Nxc4 Rxe4 33. Nc1 Rxe1+ 34.
Rxe1 h5 35. gxh5 gxh5 36. Nd3 Rh2 37. Ncxe5 Nxe5 38. Nxe5 Rxa2 39. Bc5 Ra1+ 40.
Ke2 Rxe1+ 41. Kxe1 Bxe5 42. Bxa7 Kf7 43. Ke2 Ke6 44. Kd3 Kd5 45. b4 Bd6 46. b5
Bc5 47. Bb8 Bb6 48. Bf4 Bd8 49. Bh6 Kc5 50. Bg7 Kxb5 51. Bxd4 Kc6 52. Ke4 Bg5
53. Kf5 Be7 54. Kg6 h4 55. Bf6 Bxf6 56. Kxf6 Kd5 57. Kg5 Ke5 58. Kxh4 Kf5 59.
Kg3 Ke5 60. Kg4 Kf6 61. h4 Ke6 62. h5 Kf6 63. h6 Kg6 64. h7 64... Kxh7 {
Game drawn because neither player has mating material} 1/2-1/2

[Event "ICS rated blitz match"]
[Site "207.99.83.229"]
[Date "1999.07.13"]
[Round "?"]
[White "Hossa"]
[Black "Motoman"]
[Result "1-0"]
[WhiteElo "2443"]
[BlackElo "2096"]
[PlyCount "41"]
[EventDate "1999.??.??"]

1. d4 Nf6 2. c4 e6 3. Nc3 Bb4 4. a3 Bxc3+ 5. bxc3 O-O 6. f3 d5 7. Bg5 h6 8.
Bxf6 Qxf6 9. e3 c5 10. Kf2 cxd4 11. cxd4 Nc6 12. Rc1 Bd7 13. cxd5 exd5 14. Qb3
Rfe8 15. Qxd5 Qe7 16. Rc3 Rad8 17. Ne2 b5 18. Qc5 Qf6 19. Nf4 g5 20. Nd5 Qe6
21. Nc7 {Motoman resigns} 1-0

[Event "ICS Rated blitz match"]
[Site "207.99.83.229"]
[Date "1999.07.13"]
[Round "?"]
[White "Hossa"]
[Black "tsigan"]
[Result "1-0"]
[WhiteElo "2447"]
[BlackElo "1950"]
[PlyCount "63"]
[EventDate "1999.??.??"]

1. d4 Nf6 2. c4 e6 3. Nc3 Bb4 4. Bg5 h6 5. Bh4 c5 6. e4 cxd4 7. Qxd4 Nc6 8. Qe3
Ne5 9. O-O-O Ng6 10. Bxf6 Qxf6 11. Nb5 O-O 12. Nd6 Bxd6 13. Rxd6 b5 14. c5 Bb7
15. Bxb5 Bc6 16. Bxc6 dxc6 17. Nf3 Rab8 18. Nd4 Qe5 19. Rxc6 Rfc8 20. Rxc8+
Rxc8 21. Nb3 Nf4 22. g3 Ng6 23. Rd1 Ne7 24. Rd7 Nc6 25. Qf4 Qxf4+ 26. gxf4 f6
27. Kd2 e5 28. f5 a5 29. Kc3 a4 30. Nd2 Nd4 31. Kc4 Ne6 32. fxe6 {
tsigan resigns} 1-0

[Event "ICS Rated blitz match"]
[Site "207.99.83.229"]
[Date "1999.07.13"]
[Round "?"]
[White "Amateur"]
[Black "Hossa"]
[Result "0-1"]
[WhiteElo "2440"]
[BlackElo "2440"]
[PlyCount "156"]
[EventDate "1999.??.??"]

1. e4 Nf6 2. e5 Nd5 3. d4 d6 4. Nf3 g6 5. Be2 Bg7 6. O-O dxe5 7. Nxe5 Nf6 8.
Nc3 Nbd7 9. Bf4 O-O 10. Bf3 c5 11. Re1 cxd4 12. Qxd4 Nxe5 13. Bxe5 Qxd4 14.
Bxd4 Rd8 15. Nb5 Rd7 16. Bxa7 Ne8 17. c3 Nc7 18. Nxc7 Rxa7 19. Nd5 e5 20. Nb6
Rd8 21. Nxc8 Rxc8 22. Red1 b6 23. Rd6 Rb8 24. a3 f5 25. Bd5+ Kh8 26. Be6 Bf8
27. Rd5 e4 28. Rad1 Bc5 29. Kf1 e3 30. fxe3 Re7 31. Bd7 Bxe3 32. Bb5 Kg7 33.
Rd7 Rbe8 34. a4 h5 35. b4 Kh6 36. Rxe7 Rxe7 37. Rd6 Re4 38. g3 h4 39. Bd3 Re5
40. gxh4 Kg7 41. Be2 Re4 42. h5 gxh5 43. Rd5 Rf4+ 44. Ke1 Kf6 45. a5 bxa5 46.
Rxa5 Rh4 47. Bd3 f4 48. Be2 Rxh2 49. Rxh5 Rf2 50. Rh8 Kg6 51. Re8 Kf7 52. Re4
Rh2 53. b5 Rh1+ 54. Bf1 Rh2 55. c4 Kf6 56. Re8 Kf7 57. Rc8 f3 58. Rc7+ Ke6 59.
Rc8 Kf7 60. Ra8 Rd2 61. Bh3 Rc2 62. Rd8 Rh2 63. Rd7+ Ke8 64. Rd5 f2+ 65. Ke2
Rxh3 66. Rd3 Kf7 67. Rd7+ Kf6 68. Rd6+ Ke5 69. Rd3 Ke4 70. Rd1 Rh7 71. Ra1 Rd7
72. Rb1 Rd6 73. Ra1 Rd2+ 74. Kf1 Kf3 75. Rb1 Rd7 76. Re1 fxe1=R+ 77. Kxe1 Bf2+
78. Kf1 78... Rd1# {Amateur checkmated} 0-1

[Event "ICS Rated blitz match"]
[Site "207.99.83.229"]
[Date "1999.07.13"]
[Round "?"]
[White "Hossa"]
[Black "Amateur"]
[Result "1-0"]
[WhiteElo "2456"]
[BlackElo "2424"]
[PlyCount "115"]
[EventDate "1999.??.??"]

1. d4 Nf6 2. c4 c5 3. d5 d6 4. Nc3 g6 5. e4 Bg7 6. Bd3 O-O 7. Nge2 Na6 8. O-O
Nb4 9. Bb1 Bd7 10. a3 Qa5 11. Bg5 h6 12. Bf4 Nh5 13. Be3 Nf6 14. f3 h5 15. Qd2
Na6 16. Bh6 Bxh6 17. Qxh6 Qb6 18. Ra2 e6 19. dxe6 Bxe6 20. Bd3 Rae8 21. Kh1 Qb3
22. Rd1 Nd7 23. f4 Nf6 24. Nc1 Qb6 25. Qg5 Ng4 26. b3 Ne3 27. Re1 Ng4 28. h3
Qa5 29. Rc2 Nf2+ 30. Rxf2 Qxc3 31. Rd1 Qa1 32. f5 Qe5 33. Qh6 Qf6 34. Be2 Bd7
35. Rxd6 Qxd6 36. f6 Qxf6 37. Rxf6 Re6 38. Rxe6 Bxe6 39. Qg5 Kh7 40. Qe7 Rb8
41. b4 cxb4 42. axb4 Rc8 43. Qxb7 Nc7 44. Nb3 Ne8 45. Qxa7 Rxc4 46. Bxc4 Bxc4
47. Nd2 Be6 48. b5 Nd6 49. b6 Nb5 50. Qe7 Nd4 51. Qe8 Bc8 52. Qxc8 g5 53. b7
Ne6 54. b8=Q Ng7 55. Qg8+ Kg6 56. Qbf8 Kf6 57. Qgxf7+ Ke5 58. Qc5# {
Amateur checkmated} 1-0

[Event "ICS Rated blitz match"]
[Site "207.99.83.229"]
[Date "1999.07.13"]
[Round "?"]
[White "Hossa"]
[Black "DiepX"]
[Result "0-1"]
[WhiteElo "2471"]
[BlackElo "2596"]
[PlyCount "56"]
[EventDate "1999.??.??"]

1. d4 d5 2. c4 e5 3. dxe5 d4 4. e4 Nc6 5. Ne2 Be6 6. Qb3 Nxe5 7. Qb5+ Nc6 8.
Bg5 Bb4+ 9. Nd2 Qd7 10. O-O-O a6 11. Qa4 f6 12. Bh4 g5 13. Bg3 d3 14. Ng1 h5
15. a3 Bxd2+ 16. Rxd2 h4 17. Rxd3 Qf7 18. Qb3 b5 19. Qc3 bxc4 20. Ne2 hxg3 21.
Nxg3 Rb8 22. Rd1 Rb3 23. Qe1 c3 24. bxc3 Qe7 25. a4 Qa3+ 26. Kd2 Qb2+ 27. Ke3
Rxc3+ 28. Bd3 28... Nb4 {Hossa resigns} 0-1

[Event "ICS Rated blitz match"]
[Site "207.99.83.229"]
[Date "1999.07.13"]
[Round "?"]
[White "DiepX"]
[Black "Hossa"]
[Result "1-0"]
[WhiteElo "2606"]
[BlackElo "2461"]
[PlyCount "56"]
[EventDate "1999.??.??"]

1. e4 Nf6 2. Nc3 e5 3. f4 exf4 4. e5 Ng8 5. Nf3 a6 6. Qe2 Nc6 7. d4 Bb4 8. Bxf4
Nge7 9. O-O-O Bxc3 10. bxc3 Nd5 11. Bg5 Nxc3 12. Qe1 Nxa2+ 13. Kb1 Nc3+ 14.
Qxc3 Ne7 15. Re1 O-O 16. Kc1 Re8 17. Qe3 h6 18. Bh4 c5 19. dxc5 Qa5 20. Bc4 Ng6
21. Bf2 Qc7 22. Qb3 Re7 23. Qb6 Qxb6 24. cxb6 Nf4 25. g3 Ng6 26. Bc5 Re8 27.
Bd6 Nf8 28. Kd2 28... Ne6 {Hossa resigns} 1-0